| 000 | 01029 a2200229 4500 | ||
|---|---|---|---|
| 003 | Nust | ||
| 005 | 20220721134337.0 | ||
| 010 | _a 97011150 | ||
| 020 | _a0137377843 (pbk.) | ||
| 040 | _cNust | ||
| 082 | 0 | 0 | _a004,LON |
| 100 | 1 |
_aLong, Larry E. _994397 |
|
| 245 | 1 | 0 |
_aComputers / _cLarry Long, Nancy Long. |
| 250 | _a5th ed. | ||
| 260 |
_aUpper Saddle River, N.J. : _bPrentice Hall, _cc1998. |
||
| 300 |
_a1 v. (various pagings) : _bill. (some col.) ; _c28 cm. |
||
| 505 | _a(Page-1), the world of computers (Page-28), inside the computer C41(Page-52), software (Page-90), storing and retrieving information (Page-108), input/output (Page-125), networks and networking (Page-160), going online (Page-175), communicating (Page-195), organization and gathering information (Page-209), graphics and multimedia (Page-225), information sys (Page-251), computers in society (Page-269). | ||
| 650 | 0 | _aComputers. | |
| 650 | 0 | _aElectronic data processing. | |
| 700 | 1 |
_aLong, Nancy, _d1947- _994398 |
|
| 942 |
_2ddc _cBK _k004,LON |
||
| 999 |
_c176615 _d176615 |
||